书目信息 |
| 题名: |
干部必读
|
|
| 作者: | ||
| 分册: | ||
| 出版信息: | 解放社 1950 |
|
| 页数: | 340页 | |
| 开本: | 21cm | |
| 丛书名: | ||
| 单 册: | ||
| 中图分类: | A16 | |
| 科图分类: | ||
| 主题词: | 马恩著作--专题汇编 | |
| 电子资源: | ||
| ISBN: | ||
| 000 | 00427nam0 2200169 450 | |
| 001 | 0752457672 | |
| 005 | 20070926143542.12 | |
| 100 | @a20070926d1950 km y0chiy0120 ea | |
| 101 | 0 | @achi |
| 200 | 1 | @a干部必读@Agan bu bi du@d=列宁、斯大林论中国 |
| 210 | @c解放社@d1950 | |
| 215 | @a340页@d21cm | |
| 510 | @a列宁、斯大林论中国 | |
| 606 | 0 | @a马恩著作@x专题汇编 |
| 690 | @aA16@v3 | |
| 801 | 0 | @aCN@bPFT@c20070926 |
| 905 | @a10447@dA16@e52 | |
| 干部必读=列宁、斯大林论中国.-解放社,1950 |
| 340页;21cm |
| ←并列题名:列宁、斯大林论中国 |
| ISBN : |
| ● |
| 相关链接 |
|
|
|
|
正题名:干部必读
索取号:A16/52
 
预约/预借
| 序号 | 登录号 | 条形码 | 馆藏地/架位号 | 状态 | 备注 |
| 1 | 0609421 | 206094215 | 第一样本阅览室/ [索取号:A16/52] | 在馆 |